[Event "Maranhense-ch I Etapa"]
[Site "Imperatriz"]
[Date "2003.??.??"]
[Round "6"]
[White "Barbosa, Marcelo"]
[Black "Lima Silva, Ismael"]
[Result "1-0"]
[WhiteElo "1780"]
[BlackElo "1818"]
[PlyCount "75"]
[EventDate "2003.02.03"]
[EventType "swiss"]
[EventRounds "7"]
[EventCountry "BRA"]
[SourceTitle "EXT 2006"]
[Source "ChessBase"]
[SourceDate "2005.11.24"]
[SourceVersion "1"]
[SourceVersionDate "2005.11.24"]
[SourceQuality "1"]

1. e4 d5 2. exd5 Qxd5 3. Nc3 Qd8 4. d4 e6 5. Nf3 a6 6. a3 Nf6 7. Bg5 Be7 8. Bc4 b5 9. Ba2 Bb7 10. 0-0 0-0 11. Re1 b4 12. axb4 Bxb4 13. Qd3 h6 14. Bh4 g5 15. Nxg5 hxg5 16. Bxg5 Bxc3 17. bxc3 Kg7 18. Re3 Rh8 19. Rg3 Nbd7 20. Qd2 Kf8 21. Re1 Qc8 22. Bh6+ Rxh6 23. Qxh6+ Ke7 24. c4 c5 25. c3 cxd4 26. cxd4 Be4 27. Qh4 Bf5 28. Qf4 Qb8 29. Qxf5 Qb2 30. Qb1 Rb8 31. Qxb2 Rxb2 32. Bb3 Nh5 33. Rf3 f5 34. Rxf5 Rxb3 35. Rxh5 Nf6 36. Ra5 Ne4 37. Rxa6 Rb2 38. h4 1-0

[Event "Maranhense-ch I Etapa"]
[Site "Imperatriz"]
[Date "2003.??.??"]
[Round "5"]
[White "Castro, Eduardo Franklin"]
[Black "Barbosa, Marcelo"]
[Result "1/2-1/2"]
[WhiteElo "1906"]
[BlackElo "1780"]
[PlyCount "89"]
[EventDate "2003.02.03"]
[EventType "swiss"]
[EventRounds "7"]
[EventCountry "BRA"]
[SourceTitle "EXT 2006"]
[Source "ChessBase"]
[SourceDate "2005.11.24"]
[SourceVersion "1"]
[SourceVersionDate "2005.11.24"]
[SourceQuality "1"]

1. e4 c6 2. d4 d5 3. e5 Bf5 4. Bd3 Bxd3 5. Qxd3 e6 6. Nf3 Qb6 7. 0-0 c5 8. c3 Ne7 9. b3 Ng6 10. Na3 Nc6 11. Nc2 Be7 12. Bd2 a6 13. Ng5 Rc8 14. Rfc1 Qc7 15. g3 Qd8 16. h4 b5 17. Kg2 c4 18. bxc4 dxc4 19. Qe2 Bxg5 20. Bxg5 Qd5+ 21. Kg1 h6 22. Bd2 Nge7 23. Ne3 Qd7 24. Qg4 Rg8 25. Qe4 Nd5 26. a3 Na5 27. Qh7 Ke7 28. Ra2 Nb3 29. Rd1 a5 30. Qe4 a4 31. f4 g6 32. Kf2 Nxe3 33. Bxe3 Qd5 34. Qxd5 exd5 35. f5 h5 36. Bg5+ Kd7 37. fxg6 fxg6 38. Re1 Ke6 39. Kg2 Rgf8 40. Ree2 Rf5 41. Rf2 Rcf8 42. Bf6 Rf7 43. Rxf5 Kxf5 44. Rf2+ Ke6 45. Rc2 1/2-1/2

[Event "Maranhense select 2 Etapa"]
[Site "Itapecuru Mirim"]
[Date "2003.??.??"]
[Round "6"]
[White "Castro, Joao Evangelista"]
[Black "Barbosa, Marcelo"]
[Result "1-0"]
[WhiteElo "1923"]
[BlackElo "1780"]
[PlyCount "61"]
[EventDate "2003.02.??"]
[EventType "swiss"]
[EventRounds "6"]
[EventCountry "BRA"]
[SourceTitle "EXT 2006"]
[Source "ChessBase"]
[SourceDate "2005.11.24"]
[SourceVersion "1"]
[SourceVersionDate "2005.11.24"]
[SourceQuality "1"]

1. e4 c6 2. d4 d5 3. Nd2 Nf6 4. e5 Nfd7 5. Bd3 e6 6. f4 g6 7. Ngf3 Qb6 8. c3 c5 9. Qb3 Nc6 10. Qxb6 Nxb6 11. dxc5 Bxc5 12. Nb3 Be7 13. Be3 Nd7 14. 0-0-0 a6 15. g4 b5 16. Nfd4 Nxd4 17. Bxd4 Nb8 18. Na5 Kd7 19. f5 Nc6 20. Nxc6 Kxc6 21. f6 Bf8 22. g5 Bb7 23. h4 Bc5 24. h5 a5 25. hxg6 hxg6 26. Kd2 Rag8 27. Rdf1 Rf8 28. Rh6 Rxh6 29. gxh6 Rh8 30. Bxc5 Rxh6 31. Be3 1-0